| 000 | 00000nam##2200000za#4500 |
| 001 | 9.576250 |
| 003 | CaOODSP |
| 005 | 20220623125949 |
| 007 | cr ||||||||||| |
| 008 | 150406|2010||||xxc|||||o f|0| 0 eng|d |
| 040 | |aCaOODSP|beng |
| 043 | |an-cn--- |
| 086 | 1 |aH117-5/20-2010E-PDF |
| 110 | 1 |aCanada. |bCanadian Institute for Health Information. |
| 245 | 10|aHospitalization disparities by socio-economic status for males and females |h[electronic resource] |
| 260 | |aOttawa - Ontario : |bCanadian Institute for Health Information |cOctober 2010. |
| 300 | |a24p.|bfigs., references, tables |
| 490 | 1 |aAnalysis in brief |
| 590 | |a13-10-Supp|b2013-04-13 |
| 775 | 08|tDisparité en matière d'hospitalisation selon le statut socioéconomique chez les hommes et les femmes |w(CaOODSP)9.605521 |
| 830 | #0|aAnalysis in brief (Statistics Canada)|w(CaOODSP)9.506985 |
| 856 | 40|ahttp://publications.gc.ca|qPDF|s439 KB|uhttps://publications.gc.ca/collections/collection_2013/icis-cihi/H117-5-20-2010-eng.pdf |